| 000 | 00972cam a2200205 a 4500 | ||
|---|---|---|---|
| 001 | 000005737 | ||
| 005 | 20200929151750.0 | ||
| 008 | 800213s1978 cu b f001 0 spa | ||
| 040 |
_aDO-SdBNP _bspa _cDLC _dBNPHU |
||
| 082 |
_a972.91061 _bA284r |
||
| 100 | 1 |
_aAguirre, Sergio, _d1914- _916229 |
|
| 245 | 1 | 0 |
_aRaíces y significación de la Protesta de Baragua / _cSergio Aguirre. |
| 260 |
_aLa Habana, Cuba : _bEditora Política, _bPolítica. Departamento de Orientación Revolucionaria del Comité Central del Partido Comunista de Cuba, _c1978. |
||
| 300 |
_a99 p. ; _c19 cm. |
||
| 500 | _aA la cabeza del título: Instituto de Historia del Movimiento Comunista y de la Revolución Socialista de Cuba, adjunto al Comité Central del Partido Comunista de Cuba. | ||
| 504 | _aIncluye referencias bibliográficas : p. 98. | ||
| 651 | 4 |
_aCuba _xHistoria _yINSURRECCIÓN, 1868-1878. _916230 |
|
| 600 | 1 | 4 |
_aMACEO, ANTONIO, _d1845-1896. _95593 |
| 910 | _aCatalogación por copia / LC | ||
| 999 |
_c5533 _d5533 |
||